<?xml version="1.0" encoding="UTF-8"?>
<record
    xmlns:xsi="http://www.w3.org/2001/XMLSchema-instance"
    xsi:schemaLocation="http://www.loc.gov/MARC21/slim http://www.loc.gov/standards/marcxml/schema/MARC21slim.xsd"
    xmlns="http://www.loc.gov/MARC21/slim">

  <leader>05984cam a22004214i 4500</leader>
  <controlfield tag="003">PE-LiUPU</controlfield>
  <controlfield tag="005">20250731183339.0</controlfield>
  <controlfield tag="008">150518s2013    enka    r     001 0 spa d</controlfield>
  <datafield tag="020" ind1=" " ind2=" ">
    <subfield code="a">9781409330745</subfield>
    <subfield code="q">(Arreglos florales)</subfield>
  </datafield>
  <datafield tag="020" ind1=" " ind2=" ">
    <subfield code="a">9781409330714</subfield>
    <subfield code="q">(Confecci&#xF3;n)</subfield>
  </datafield>
  <datafield tag="020" ind1=" " ind2=" ">
    <subfield code="a">9781409330691</subfield>
    <subfield code="q">(Ecomanualidades)</subfield>
  </datafield>
  <datafield tag="020" ind1=" " ind2=" ">
    <subfield code="a">9781409330677</subfield>
    <subfield code="q">(Papel)</subfield>
  </datafield>
  <datafield tag="020" ind1=" " ind2=" ">
    <subfield code="a">9781409330684</subfield>
    <subfield code="q">(Regalos &#xFA;nicos)</subfield>
  </datafield>
  <datafield tag="020" ind1=" " ind2=" ">
    <subfield code="a">9781409330776</subfield>
    <subfield code="q">(Libro de la navidad)</subfield>
  </datafield>
  <datafield tag="035" ind1=" " ind2=" ">
    <subfield code="a">(Sirsi) i9781409330745</subfield>
  </datafield>
  <datafield tag="040" ind1=" " ind2=" ">
    <subfield code="a">PE-LiUPU</subfield>
    <subfield code="b">spa</subfield>
    <subfield code="c">PE-LiUPU</subfield>
    <subfield code="e">rda</subfield>
  </datafield>
  <datafield tag="049" ind1=" " ind2=" ">
    <subfield code="a">PRUA</subfield>
  </datafield>
  <datafield tag="082" ind1="0" ind2="4">
    <subfield code="a">745.5</subfield>
    <subfield code="b">MFI</subfield>
  </datafield>
  <datafield tag="100" ind1=" " ind2=" ">
    <subfield code="a">Kindersley, Dorling.,</subfield>
    <subfield code="e">editor.</subfield>
    <subfield code="9">6193</subfield>
  </datafield>
  <datafield tag="245" ind1="0" ind2="0">
    <subfield code="a">Manualidades f&#xE1;ciles internacionales :</subfield>
    <subfield code="b">gu&#xED;a pr&#xE1;ctica paso a paso.</subfield>
  </datafield>
  <datafield tag="264" ind1=" " ind2="1">
    <subfield code="a">Londres :</subfield>
    <subfield code="b">Dorling Kindersley (DK),</subfield>
    <subfield code="c">2013.</subfield>
  </datafield>
  <datafield tag="300" ind1=" " ind2=" ">
    <subfield code="a">5 vol&#xFA;menes :</subfield>
    <subfield code="b">ilustraciones ;</subfield>
    <subfield code="c">28 cm.</subfield>
  </datafield>
  <datafield tag="336" ind1=" " ind2=" ">
    <subfield code="a">text</subfield>
    <subfield code="2">rdacontent</subfield>
  </datafield>
  <datafield tag="337" ind1=" " ind2=" ">
    <subfield code="a">unmediated</subfield>
    <subfield code="2">rdamedia</subfield>
  </datafield>
  <datafield tag="338" ind1=" " ind2=" ">
    <subfield code="a">volume</subfield>
    <subfield code="2">rdacarrier</subfield>
  </datafield>
  <datafield tag="490" ind1="0" ind2=" ">
    <subfield code="a">Manualidades f&#xE1;ciles internacionales</subfield>
  </datafield>
  <datafield tag="504" ind1=" " ind2=" ">
    <subfield code="a">&#xCD;ndice.</subfield>
  </datafield>
  <datafield tag="505" ind1="0" ind2=" ">
    <subfield code="g">Arreglos florales --</subfield>
    <subfield code="a">Principios -- Menos es m&#xE1;s -- Espacio -- Color -- Recipientes esenciales -- Recipientes para cada ocasi&#xF3;n -- Las formas de las flores -- Tipos de follaje -- Equipo -- Elegir y preparar -- Mantenimiento -- Arreglo frontal en florero -- Ramo atado a mano -- Arreglo con espuma floral -- Flor para ojal con alambre -- Atar un ramo -- Envolver un ramo -- A lo largo del a&#xF1;o -- Tulipanes en taza -- Cubo blanco -- Ramo primaveral -- Arreglos de boda -- &#xC1;rbol de rosas -- Esfera de hortensias -- florero de girasoles -- Ramo fiesta -- Pecera naranja -- Dalias de fantas&#xED;a -- Centro de mesa -- Arreglo ex&#xF3;tico mixto -- &#xC1;rbol de an&#xE9;monas -- Ramo de amarilis -- Arreglos de boda blancos -- Mezcla exuberante -- Caja de flores ex&#xF3;ticas -- Ramo verde -- Respaldo con orqu&#xED;deas -- Gerberas en filas --</subfield>
    <subfield code="g">Confecci&#xF3;n --</subfield>
    <subfield code="a">&#xDA;tiles y t&#xE9;cnicas -- Equipo de costura b&#xE1;sico -- &#xDA;tiles de corte -- M&#xE1;quina de coser -- M&#xE1;quina overlock -- Otros &#xFA;tiles -- Cortar -- Costura a mano -- Costura a m&#xE1;quina -- Pinzas -- Entretelas -- Vistas -- Bajos y dobladillos -- Mangas -- Reducir el grosor de la costura -- Cremalleras -- Ojales -- Prendas -- Pantal&#xF3;n de cl&#xE1;sico estilo sastre -- Pantal&#xF3;n de pallazo cl&#xE1;sico -- Blusa ce&#xF1;ida cl&#xE1;sica -- Camisa cl&#xE1;sica corte princesa -- Chaqueta estilo Chanel cl&#xE1;sica -- Chaqueta cl&#xE1;sica de cuello esmoquin -- Patrones -- Instrucciones -- Patr&#xF3;n pantal&#xF3;n 1 -- Patr&#xF3;n pantal&#xF3;n 2 -- Patr&#xF3;n blusa 1 -- Patr&#xF3;n blusa 2 -- Patr&#xF3;n Chaqueta 1 -- Patr&#xF3;n Chaqueta 2 --</subfield>
    <subfield code="g">Ecomanualidades --</subfield>
    <subfield code="a">&#xDA;tiles y materiales -- T&#xE9;cnicas y proyectos -- Cester&#xED;a -- Frutero de mimbre -- Alfombras de trapo -- Alfombra multicolor -- Materiales naturales -- Corona de hora perenne -- Flores prensadas -- Tarjeta de felicitaci&#xF3;n -- Reciclaje -- Marco mosaico -- Pintura de muebles -- Mesita de noche -- Hojalata -- Farolitos con latas -- Alambre -- Coraz&#xF3;n de alambre -- Como hacer velas -- Velas de inmersi&#xF3;n -- Velas tricolor -- Velas de miel -- Como hacer jab&#xF3;n -- Jab&#xF3;n de coraz&#xF3;n -- Bombas arom&#xE1;ticas -- Tapicer&#xED;a -- Asiento almohadillado -- Plantillas --</subfield>
    <subfield code="g">Papel --</subfield>
    <subfield code="a">&#xDA;tiles y materiales -- T&#xE9;cnicas y proyectos -- Papel reciclado -- Papel con p&#xE9;talos -- Papel marmolado -- Cubiertas marmoladas -- Papel mach&#xE9; -- Cuenco de papel mach&#xE9; -- Pi&#xF1;ata-b&#xFA;ho -- &#xC1;lbum de recortes -- p&#xE1;gina de un &#xE1;lbum -- Grabado al lin&#xF3;leo -- Art&#xED;culos de papeler&#xED;a -- Adornos de papel -- Pompones de papel -- Servilletas plegadas -- Agitador de bebidas -- Coraz&#xF3;n de papel -- Cometa-mariposa -- Animales de origami -- D&#xE9;coupage -- Caja de recuerdos -- Troquelado -- Pantalla troquelada -- L&#xE1;mpara de papel -- Filigrana de papel -- Cuadro de filigrana -- Tarjetas y postales -- Tarjeta desplegable -- Tarjeta con hojas secas -- Felicitaci&#xF3;n navide&#xF1;a -- Tarjeta en 3D -- Invitaciones de papel -- Cajas de cart&#xF3;n -- Cajita de regalo -- Cajas decoradas -- Serigraf&#xED;a -- Postales serigrafiadas -- Plantillas --</subfield>
    <subfield code="g">Regalos &#xFA;nicos --</subfield>
    <subfield code="a">&#xDA;tiles y materiales -- T&#xE9;cnicas y proyectos -- Cuentas y abalorios -- Collar de perlas -- Insectos de cuentas -- Pulseras de la amistad -- Alambre de plata -- Portarretrato -- Diadema radiante -- Esmalte en fr&#xED;o -- Pulsera de camafeos -- Tejido de abalorios -- Arcilla polim&#xE9;rica -- Cuentas millefiori -- Arcilla de secado al aire -- Colgante de arcilla -- Arcilla met&#xE1;lica -- Broche de p&#xE1;jaro -- Dije de arcilla met&#xE1;lica -- Falso vitral -- Florero con falso vitral -- Pintura sobre vidrio -- Lamparilla -- Pintura sobre porcelana -- Cuenco-fruta -- Jarr&#xF3;n pintado -- Pintura sobre azulejos -- Juego de posavasos -- Mosaico: el m&#xE9;todo directo -- Mosaico: el m&#xE9;todo indirecto -- Plato con mosaico -- Macetas -- Salvamanteles --</subfield>
    <subfield code="g">El libro de la navidad --</subfield>
    <subfield code="a">Adornos -- Guirnalda d fieltro -- Popurr&#xED;s naturales -- Haces de canela -- &#xC1;ngel con t&#xFA;nica -- Colgante de c&#xED;tricos -- Pajaritos de fieltro -- Corazones perfumados -- Cucuruchos de dulces -- Centro de mesa natural -- Mantelitos vintage -- Regalos -- Calendario de adviento (I) -- Cestitas de fieltro -- Tarjetas de papel reciclado -- Bolsitas de t&#xE9; de hierbas -- B&#xE1;lsamo labial -- Caja de tela vintage -- Aceite de ba&#xF1;o arom&#xE1;tico -- Calendario de adviento (II) -- Pantuflas de lana -- Envolturas recicladas -- Portavelas de cristal -- Recetas -- Pan de nueces -- Stollen -- Focaccia -- Mini panettone -- Animalitos de pan -- Puesto de mesa comestible -- Pastitas de vainilla -- Brownies -- Galletas de mantequilla -- Tarta sacher -- Bocaditos de chocolate -- Bocaditos de turr&#xF3;n -- Malvaviscos -- Galletitas glaseadas -- Bebidas navide&#xF1;as -- Plantillas.</subfield>
  </datafield>
  <datafield tag="526" ind1=" " ind2=" ">
    <subfield code="a">P158</subfield>
  </datafield>
  <datafield tag="526" ind1=" " ind2=" ">
    <subfield code="a">P146</subfield>
  </datafield>
  <datafield tag="526" ind1=" " ind2=" ">
    <subfield code="a">P17</subfield>
  </datafield>
  <datafield tag="526" ind1=" " ind2=" ">
    <subfield code="a">P12</subfield>
  </datafield>
  <datafield tag="526" ind1=" " ind2=" ">
    <subfield code="a">P06</subfield>
  </datafield>
  <datafield tag="650" ind1="1" ind2="7">
    <subfield code="a">Decoraci&#xF3;n floral</subfield>
    <subfield code="2">embne</subfield>
  </datafield>
  <datafield tag="942" ind1=" " ind2=" ">
    <subfield code="2">ddc</subfield>
    <subfield code="c">BK</subfield>
  </datafield>
  <datafield tag="999" ind1=" " ind2=" ">
    <subfield code="c">6677</subfield>
    <subfield code="d">6677</subfield>
  </datafield>
  <datafield tag="980" ind1=" " ind2=" ">
    <subfield code="8">1</subfield>
    <subfield code="g">ALBERTO SANCHEZ Responsable de Automatizaci&#xF3;n</subfield>
  </datafield>
  <datafield tag="952" ind1=" " ind2=" ">
    <subfield code="r">2025-03-23 19:24:58</subfield>
    <subfield code="i">8</subfield>
    <subfield code="l">4</subfield>
    <subfield code="o">745.5 MFI AR</subfield>
    <subfield code="p">71414</subfield>
    <subfield code="s">2023-11-13</subfield>
    <subfield code="t">e1</subfield>
    <subfield code="v">9.94</subfield>
    <subfield code="w">2015-05-18</subfield>
    <subfield code="x">FIA</subfield>
    <subfield code="y">BK</subfield>
    <subfield code="z">inventario-2023-12-13</subfield>
    <subfield code="1">0</subfield>
    <subfield code="2">ddc</subfield>
    <subfield code="5">0</subfield>
    <subfield code="7">0</subfield>
    <subfield code="8">GEN</subfield>
    <subfield code="f">P06</subfield>
    <subfield code="a">BUL</subfield>
    <subfield code="b">BUL</subfield>
    <subfield code="c">GEN</subfield>
    <subfield code="d">2015-05-18</subfield>
    <subfield code="e">COMPRA</subfield>
    <subfield code="g">4.94</subfield>
  </datafield>
  <datafield tag="952" ind1=" " ind2=" ">
    <subfield code="r">2024-12-10 00:00:00</subfield>
    <subfield code="i">8</subfield>
    <subfield code="l">5</subfield>
    <subfield code="o">745.5 MFI CO</subfield>
    <subfield code="p">71415</subfield>
    <subfield code="s">2023-04-17</subfield>
    <subfield code="t">e1</subfield>
    <subfield code="v">9.94</subfield>
    <subfield code="w">2015-05-18</subfield>
    <subfield code="x">FIA</subfield>
    <subfield code="y">BK</subfield>
    <subfield code="z">inventario-2023-12-13</subfield>
    <subfield code="1">0</subfield>
    <subfield code="2">ddc</subfield>
    <subfield code="5">0</subfield>
    <subfield code="7">0</subfield>
    <subfield code="8">GEN</subfield>
    <subfield code="f">P06</subfield>
    <subfield code="a">BUL</subfield>
    <subfield code="b">BUL</subfield>
    <subfield code="c">GEN</subfield>
    <subfield code="d">2015-05-18</subfield>
    <subfield code="e">COMPRA</subfield>
    <subfield code="g">4.94</subfield>
  </datafield>
  <datafield tag="952" ind1=" " ind2=" ">
    <subfield code="r">2024-12-10 00:00:00</subfield>
    <subfield code="i">8</subfield>
    <subfield code="l">18</subfield>
    <subfield code="o">745.5 MFI EC</subfield>
    <subfield code="p">71420</subfield>
    <subfield code="s">2022-05-10</subfield>
    <subfield code="t">e1</subfield>
    <subfield code="v">9.94</subfield>
    <subfield code="w">2015-05-18</subfield>
    <subfield code="x">FIA</subfield>
    <subfield code="y">BK</subfield>
    <subfield code="z">inventario-2023-12-13</subfield>
    <subfield code="1">0</subfield>
    <subfield code="2">ddc</subfield>
    <subfield code="5">0</subfield>
    <subfield code="7">0</subfield>
    <subfield code="8">GEN</subfield>
    <subfield code="f">P06</subfield>
    <subfield code="a">BUL</subfield>
    <subfield code="b">BUL</subfield>
    <subfield code="c">GEN</subfield>
    <subfield code="d">2015-05-18</subfield>
    <subfield code="e">COMPRA</subfield>
    <subfield code="g">4.94</subfield>
  </datafield>
  <datafield tag="952" ind1=" " ind2=" ">
    <subfield code="r">2025-12-03 00:00:00</subfield>
    <subfield code="i">8</subfield>
    <subfield code="l">1</subfield>
    <subfield code="o">745.5 MFI PA</subfield>
    <subfield code="p">71426</subfield>
    <subfield code="s">2016-12-01</subfield>
    <subfield code="t">e1</subfield>
    <subfield code="v">9.94</subfield>
    <subfield code="w">2015-05-18</subfield>
    <subfield code="x">FIA</subfield>
    <subfield code="y">BK</subfield>
    <subfield code="z">inventario-2023-12-13</subfield>
    <subfield code="1">0</subfield>
    <subfield code="2">ddc</subfield>
    <subfield code="5">0</subfield>
    <subfield code="7">0</subfield>
    <subfield code="8">GEN</subfield>
    <subfield code="f">P06</subfield>
    <subfield code="a">BUL</subfield>
    <subfield code="b">BUL</subfield>
    <subfield code="c">GEN</subfield>
    <subfield code="d">2015-05-18</subfield>
    <subfield code="e">COMPRA</subfield>
    <subfield code="g">4.94</subfield>
  </datafield>
  <datafield tag="952" ind1=" " ind2=" ">
    <subfield code="r">2024-12-10 00:00:00</subfield>
    <subfield code="i">8</subfield>
    <subfield code="l">0</subfield>
    <subfield code="o">745.5 MFI RE</subfield>
    <subfield code="p">71428</subfield>
    <subfield code="t">e1</subfield>
    <subfield code="v">9.94</subfield>
    <subfield code="w">2015-05-18</subfield>
    <subfield code="x">FIA</subfield>
    <subfield code="y">BK</subfield>
    <subfield code="z">inventario-2023-12-13</subfield>
    <subfield code="1">0</subfield>
    <subfield code="2">ddc</subfield>
    <subfield code="5">0</subfield>
    <subfield code="7">0</subfield>
    <subfield code="8">GEN</subfield>
    <subfield code="f">P06</subfield>
    <subfield code="a">BUL</subfield>
    <subfield code="b">BUL</subfield>
    <subfield code="c">GEN</subfield>
    <subfield code="d">2015-05-18</subfield>
    <subfield code="e">COMPRA</subfield>
    <subfield code="g">4.94</subfield>
  </datafield>
  <datafield tag="952" ind1=" " ind2=" ">
    <subfield code="r">2024-12-10 00:00:00</subfield>
    <subfield code="i">8</subfield>
    <subfield code="l">0</subfield>
    <subfield code="o">745.5 MFI LI</subfield>
    <subfield code="p">71864</subfield>
    <subfield code="t">e1</subfield>
    <subfield code="v">9.94</subfield>
    <subfield code="w">2015-08-24</subfield>
    <subfield code="x">FIA</subfield>
    <subfield code="y">BK</subfield>
    <subfield code="z">inventario-2023-12-13</subfield>
    <subfield code="1">0</subfield>
    <subfield code="2">ddc</subfield>
    <subfield code="5">0</subfield>
    <subfield code="7">0</subfield>
    <subfield code="8">GEN</subfield>
    <subfield code="f">P06</subfield>
    <subfield code="a">BUL</subfield>
    <subfield code="b">BUL</subfield>
    <subfield code="c">GEN</subfield>
    <subfield code="d">2015-08-24</subfield>
    <subfield code="e">COMPRA</subfield>
    <subfield code="g">4.94</subfield>
  </datafield>
</record>
